00663nam a22001697a 4500003000900000008004100009020002200050040007100072082002200143110002400165245001600189260004000205300002200245505020000267650001400467650001200481AR-CdUCM190416b ||||| |||| 00| 0 spa d a978-612-301-808-5 aMUNICIPALIDAD PROVINCIAL DEL CUSCOcBIBLIOTECA MUNICIPAL DEL CUSCO aEP / 808.6 /bQ99 aQG editores, S.A.C. aLa Iliada / aLima :bQG editores, S.A.C.,c2013. a6 tomos ;c20 cm. aContenido :T.1. El origen de la guerra -- t.2. a furia de los guerreros -- t.3. La muralla invencible -- t.4. La ira de los Dioses -- t.5. El retorno de Aquíles -- t.6. La caída de Héctor . aHistorias aCuentos